LEADER 01658oas 2200649 a 450 001 9910304529303321 005 20260218110347.0 011 $a2432-4701 035 $a(DE-599)ZDB2064431-0 035 $a(OCoLC)435529404 035 $a(CONSER) 2010263155 035 $a(CKB)954928490367 035 $a(DE-599)3223610-4 035 $a(EXLCZ)99954928490367 100 $a20751101b19601988 sy 101 0 $aeng 135 $aur||||||||||| 181 $ctxt$2rdacontent 182 $cc$2rdamedia 183 $acr$2rdacarrier 200 00$aTransactions of the Japan Institute of Metals 210 $a[Sendai, Japan] $cJapan Institute of Metals$d©1960-©1988 311 08$a0021-4434 517 1 $aTrans. JIM 606 $aMetallurgy$vPeriodicals 606 $aMetals$vPeriodicals 606 $aMe?tallurgie$vPe?riodiques 606 $aMe?taux$vPe?riodiques 606 $aMetallurgy$2fast$3(OCoLC)fst01018005 606 $aMetals$2fast$3(OCoLC)fst01018047 608 $aPeriodicals.$2fast 615 0$aMetallurgy 615 0$aMetals 615 6$aMe?tallurgie 615 6$aMe?taux 615 7$aMetallurgy. 615 7$aMetals. 676 $a669/.005 712 02$aNihon Kinzoku Gakkai 801 0$bLGG 801 1$bLGG 801 2$bTXA 801 2$bOCLCE 801 2$bHEBIS 801 2$bOCLCQ 801 2$bOCLCF 801 2$bOCLCO 801 2$bOCLCQ 801 2$bOCLCA 801 2$bVT2 801 2$bOCLCQ 801 2$bEZC 801 2$bOCLCL 906 $aJOURNAL 912 $a9910304529303321 996 $aTransactions of the Japan Institute of Metals$9787398 997 $aUNINA